Η ηδονή, η ισχύς, η ουτοπία

Αποθηκεύτηκε σε:
Λεπτομέρειες βιβλιογραφικής εγγραφής
Κύριος συγγραφέας: Κονδύλης, Παναγιώτης, 1943-1998
Μορφή: Βιβλίο
Γλώσσα:Greek
Δημοσίευση: Αθήνα : Στιγμή, 1992
Θέματα:
Ετικέτες: Προσθήκη ετικέτας
Δεν υπάρχουν, Καταχωρήστε ετικέτα πρώτοι!

MARC

LEADER 00000cam a2200000 i 4500
001 1/12786
008 980218s1992 gr | ||| |||| ||gre||
020 |a 9602691220 
035 |1 ΠΑΡ  |a 1997  |l 10018764 
040 |a GR-MY-UA  |b gre  |e aacr 
041 0 |a gre 
082 0 |a 171.4 
100 1 |a Κονδύλης, Παναγιώτης,   |d 1943-1998. 
245 1 2 |a Η ηδονή, η ισχύς, η ουτοπία /  |c Παναγιώτης Κονδύλης 
260 |a Αθήνα :   |b Στιγμή,   |c 1992 
300 |a 136 σ. 
650 0 0 |a Pleasure. 
650 0 0 |a Hedonism. 
650 0 0 |a Utopias. 
650 0 0 |a Power (Philosophy) 
852 |a INST  |b LESVOS  |e 19980218  |h 171.4 ΚΟΝ  |p 005100015140  |q 005100015140  |t BK  |y 0 
909 |a Λ  |b 052031 
922 |a 1ΕΛΗ  |b 199711  |c ΚΠΣ/ΔΕΛΒΕΡΟΥΔΗ  |d EMVASIS 
950 |a 140/1996-02-06 
970 |z 2000/06/ΟΙΚΟΝΟΜΟΠΟΥΛΟΥ ΧΡΙΣΤΙΝΑ